|
|
|
|
| LEADER |
00000nam0a2200000 4500 |
| 001 |
266648 |
| 005 |
20231101234023.0 |
| 035 |
|
|
|a (RuTPU)RU\TPU\book\289668
|
| 090 |
|
|
|a 266648
|
| 100 |
|
|
|a 20140714d1987 k y0rusy50 ca
|
| 101 |
0 |
|
|a rus
|
| 102 |
|
|
|a RU
|
| 105 |
|
|
|a a z 001zy
|
| 200 |
1 |
|
|a Нейтронный радиометрический контроль материалов и изделий
|f Г. Ш. Пекарский
|
| 210 |
|
|
|a Москва
|c Энергоатомиздат
|d 1987
|
| 215 |
|
|
|a 120 с.
|c ил.
|
| 320 |
|
|
|a Библиогр.: с. 116-119
|
| 606 |
1 |
|
|a Неразрушающий контроль
|2 stltpush
|3 (RuTPU)RU\TPU\subj\66931
|9 82903
|
| 610 |
1 |
|
|a радиометрический контроль
|
| 610 |
1 |
|
|a материалы
|
| 610 |
1 |
|
|a изделия
|
| 610 |
1 |
|
|a нейтронные методы
|
| 610 |
1 |
|
|a классификация
|
| 610 |
1 |
|
|a разработка
|
| 610 |
1 |
|
|a приборы
|
| 675 |
|
|
|a 620.179.1
|v 3
|
| 700 |
|
1 |
|a Пекарский
|b Г. Ш.
|g Григорий Шлемович
|
| 801 |
|
1 |
|a RU
|b 63413507
|c 20140714
|
| 801 |
|
2 |
|a RU
|b 63413507
|c 20170217
|g RCR
|
| 942 |
|
|
|c BK
|